| 000 | 00669cam a2200205 4500 | ||
|---|---|---|---|
| 001 | WB3714-05 | ||
| 008 | 000000n2001 000 0 eng u | ||
| 035 | _a(Sirsi) u111879 | ||
| 245 | _aScotland leads UK construction market | ||
| 260 | _c2001 | ||
| 490 |
_aRICS Press Release _v(pr53) 3 April 2001,(2) |
||
| 520 | _aDue to a pick-up in the private housing market sector, UK construction activity has increased its growth, with Scotland taking the lead. | ||
| 590 | _aWB | ||
| 650 | _aCONSTRUCTION MARKET | ||
| 650 | _aSCOTLAND | ||
| 650 | _aPRIVATE HOUSING SECTOR | ||
| 650 | _aRICS SURVEY | ||
| 690 | _aBUILT ENVIRONMENT-CONSTRUCTION MARKET | ||
| 942 | _n0 | ||
| 999 |
_c66677 _d66677 |
||